Central Library OPAC University of Rajshahi

The first part of King Henry VI (Record no. 18555)

MARC details
000 -LEADER
fixed length control field 01039nam a2200301I 4500
001 - CONTROL NUMBER
control field 18555
003 - CONTROL NUMBER IDENTIFIER
rucl marc code BD-RjUL
005 - DATE AND TIME OF LATEST TRANSACTION
control field 20211209000313.0
008 - FIXED-LENGTH DATA ELEMENTS--GENERAL INFORMATION
fixed length control field 140220s1962 enkbj b 000 1 eng d
035 ## - SYSTEM CONTROL NUMBER
System control number (BD-RjUL)18613
System control number (OCoLC)00353929
040 ## - CATALOGING SOURCE
Original cataloging agency DLC
Transcribing agency ICA
Modifying agency SER
-- MYG
-- BD-RjUL
Language of cataloging eng
041 ## - LANGUAGE CODE
Language code of text/sound track or separate title eng
082 00 - DEWEY DECIMAL CLASSIFICATION NUMBER
Classification number 822.33
Author mark and year SHF 1962
099 ## - LOCAL FREE-TEXT CALL NUMBER (OCLC)
Bangla Class number PR2754.A676.K5 .H6 pt.1
100 1# - MAIN ENTRY--PERSONAL NAME
Personal name Shakespeare, William,
Dates associated with a name 1564-1616.
9 (RLIN) 57169
245 14 - TITLE STATEMENT
Title The first part of King Henry VI
Statement of responsibility, etc. Edited by Andrew S. Cairncross.
250 ## - EDITION STATEMENT
Edition statement Completely rev. and reset ed.
260 ## - PUBLICATION, DISTRIBUTION, ETC. (IMPRINT)
Place of publication, distribution, etc. London ;
Name of publisher, distributor, etc. Methuen ;
Place of publication, distribution, etc. Cambridge, Mass. :
Name of publisher, distributor, etc. Harvard University Press,
Date of publication, distribution, etc. 1962.
300 ## - PHYSICAL DESCRIPTION
Pagination lvii, 172 p. :
Illustrations map, geneal. tables.
Size 23 cm.
490 1# - SERIES STATEMENT
Series statement The Arden edition of the works of William Shakespeare
504 ## - BIBLIOGRAPHY, ETC. NOTE
Bibliography, etc Includes bibliographical references.
600 00 - SUBJECT ADDED ENTRY--PERSONAL NAME
Personal name Henry
Titles and other words associated with a name King of England,
Dates associated with a name 1421-1471
700 1# - ADDED ENTRY--PERSONAL NAME
Personal name Cairncross, A. S.
Fuller form of name (Andrew Scott)
942 ## - ADDED ENTRY ELEMENTS (KOHA)
Source of classification or shelving scheme Dewey Decimal Classification
Koha item type Books
Holdings
Lost status Source of classification or shelving scheme Damaged status Not for loan Collection code Permanent Location Current Location Shelving location Date acquired Source of acquisition Cost, normal purchase price Total Checkouts Full call number Date last seen Copy number Koha item type
  Dewey Decimal Classification   Not For Loan Fiction Central Library, University of Rajshahi Central Library, University of Rajshahi Reading Room 06/06/1964 Zeitlinger 21.00   822.33 SHF 1962 20/02/2014 C-1 Books